Open Data Biblioteca Nacional de Portugal


República Portuguesa: Ministério da Cultura
Biblioteca Nacional de Portugal

Catálogo da BNP: acesso por Identificadores Unívocos
Registos Bibliográficos associados ao registo de autoridade

Etiqueta de registo: 00254nam 2200025 450
001 2285553
003 http://id.bnportugal.gov.pt/bib/catbnp/2285553
021 ## $aPT$b487118/21
100 ## $a20260430d2021 m y0pory01030103ba
101 0# $apor
102 ## $aPT
105 ## $aa z 000yy
106 ## $ar
200 1# $a O chalé da Gafa e os seus ilustres ocupantes$fJorge Pereira de Sampaio, Luís Afonso Peres Pereira$gtextos Paulo Jorge Marques Inácio
210 #9 $a[S.l.]$cJorge Pereira de Sampaio$cLuís Afonso Peres Pereira, $d2021
215 ## $a269 p.$cil.$d22 cm
700 #1 $aSampaio,$bJorge,$f1965-$3197063
701 #1 $aPereira,$bLuís Afonso Peres$4070$31049973
702 #1 $aInácio,$bPaulo Jorge Marques$4070$31998554
801 #0 $aPT$bBN$gRPC
966 ## $lBN$mFGMON$x1
971 ## $cisantos$d20260430

OpendataBNP@bnportugal.pt | Mais informação sobre acesso aos dados BNP